"Vacant possession" (Record no. 83110)

MARC details
000 -LEADER
fixed length control field 01463cab a22002535a 4500
001 - CONTROL NUMBER
control field L152386
008 - FIXED-LENGTH DATA ELEMENTS--GENERAL INFORMATION
fixed length control field 110505s2011 xxk 000 0 eng d
035 ## - SYSTEM CONTROL NUMBER
System control number (Sirsi) u152836
041 0# - LANGUAGE CODE
Language code of text/sound track or separate title eng
100 1# - MAIN ENTRY--PERSONAL NAME
Personal name Cheffings, Nicholas
245 00 - TITLE STATEMENT
Title "Vacant possession"
Remainder of title what does it mean ?
260 ## - PUBLICATION, DISTRIBUTION, ETC.
Date of publication, distribution, etc. 2011
490 #0 - SERIES STATEMENT
Series statement Hogan Lovells Real Estate Quarterly
Volume/sequential designation Spring 2011, 6-7(2)
520 ## - SUMMARY, ETC.
Summary, etc. "Vacant possession" is a widely used term in the property world found in: sale and purchase contracts, leasehold rent review clauses, covenants to yield up, settlement agreements, and even court possession orders. Suggests that the definition of "vacant possession" might be more complicated than a layman's description of "empty property". Outlines the judicial perspective as exemplified by Lewison J's classic analysis in "Legal and General Assurance v Expeditors International (UK) (see L133589). Examines the issue of chattels becoming fixtures and concludes that context is of overriding importance in arriving at a correct definition.
590 ## - LOCAL NOTE (RLIN)
Local note KA
650 24 - SUBJECT ADDED ENTRY--TOPICAL TERM
Topical term or geographic name entry element LEGAL AND GENERAL ASSURANCE SOCIETY LTD V EXPEDITORS INTERNATIONAL (UK) LTD
650 24 - SUBJECT ADDED ENTRY--TOPICAL TERM
Topical term or geographic name entry element IBREND ESTATES BV V NYK LOGISTICS (UK) LTD
650 24 - SUBJECT ADDED ENTRY--TOPICAL TERM
Topical term or geographic name entry element TOPFELL V GALLEY PROPERTIES
650 24 - SUBJECT ADDED ENTRY--TOPICAL TERM
Topical term or geographic name entry element LYON V LONDON CITY & MIDLAND BANK
650 24 - SUBJECT ADDED ENTRY--TOPICAL TERM
Topical term or geographic name entry element CUMBERLAND CONSOLIDATED HOLDINGS LTD V IRELAND
690 ## - LOCAL SUBJECT ADDED ENTRY--TOPICAL TERM (OCLC, RLIN)
Topical term or geographic name as entry element PROPERTY-LEASEHOLD PROPERTY-LANDLORD AND TENANT
700 1# - ADDED ENTRY--PERSONAL NAME
Personal name King, Vivien
942 ## - ADDED ENTRY ELEMENTS (KOHA)
Suppress in OPAC 0
Holdings
Withdrawn status Lost status Source of classification or shelving scheme Damaged status Not for loan Home library Current library Shelving location Date acquired Total Checkouts Full call number Barcode Date last seen Copy number Price effective from Koha item type
    Dewey Decimal Classification     London London Journal article 05/05/2011   L152836 152836-1001 06/08/2019 1 06/08/2019 Journal article